zpět

Detail výsledku týmu

Adélka, Pustiměř

Datum a čas kvízu

27 Celkem bodů Celkový počet nahraných bodů na tomto kvízu bez doplňovacích otázek.
2. Pořadí na kvízu Konečné umístění týmu na tomto kvízu.

Zaznamenané odpovědi

# Otázka Odpověď Body Výsledky
1. Jaká je výše nepodmíněného tre... 7 let 1
2. Okurková sezóna právě začala,... Puma nejezdí lidi. 0
3. V úterý vystoupil v pražské O2... Phil Collins 0
4. Jak se nazývá asijská aerolink... Qatar Airways 0
5. Česká tenisová jednička Karolí... Eastbourne 0
-14. Začneme moderními polskými děj... v roce 2010 0
-13. Ze kterého šlechtického rodu p... z rodu Piastovců 0
-12. Rok po Druhém dělení Polska do... Tadeusz Kościuszko 0
-11. V roce 1940 bylo povražděno př... Katyň 1
-10. Ve kterém polském městě vznikl... v Gdaňsku 0